00297nam a2200121Ia 450000500170000000800410001705000230005824500420008126000160012330000210013952100070016052600080016720140403093043.0140130s9999 xx 000 0 und d aPZ 7b.B146Ki 2004 cBaglio, BenaKitten in the candy corn bScholastic, a142 p. :c21 cm. aG5 c730